Recopilación de leyes y reglamentos. Con índices numérico, por ministerios, temático y de notas
Guardat en:
| Autor corporatiu: | |
|---|---|
| Format: | Llibre |
| Idioma: | espanyol |
| Publicat: |
Santiago
Contraloría General de la República
1990
|
| Matèries: | |
| Etiquetes: |
Afegir etiqueta
Sense etiquetes, Sigues el primer a etiquetar aquest registre!
|
MARC
| LEADER | 00000nam a2200000 a 4500 | ||
|---|---|---|---|
| 001 | UCR0707 | ||
| 003 | CL-VaPUC | ||
| 008 | 971205e19900000CL |||||||||||||||||spa|d | ||
| 082 | 0 | 4 | |a 348.022 |b CON |2 21 |
| 110 | 2 | |a Contraloría General de la República |e author |9 396838 | |
| 245 | 1 | 0 | |a Recopilación de leyes y reglamentos. Con índices numérico, por ministerios, temático y de notas |
| 300 | |a t | ||
| 942 | |c BK | ||
| 945 | |d 19971205 00:00:00 |a lriquelm | ||
| 260 | |a Santiago |b Contraloría General de la República |c 1990 | ||
| 500 | |a Contiene desde la ley 18.769, de 13 de Enero, a la ley 18.809, de 15 de Junio de 1989, y reglamentos publicados entre los meses de enero y junio del mismo año | ||
| 500 | |a Donación profesor Fernando Recio Olguín | ||
| 650 | 7 | |a LEGISLACION |2 CL-VaPUC |9 396839 | |
| 650 | 0 | |a Leyes |9 256670 | |
| 650 | 7 | |a FUENTES |2 CL-VaPUC |9 255666 | |
| 650 | 7 | |a DERECHO CHILENO |2 CL-VaPUC |9 396840 | |
| 650 | 7 | |a DECRETOS SUPREMOS |2 CL-VaPUC |9 396008 | |
| 650 | 7 | |a DECRETO CON FUERZA DE LEY |2 CL-VaPUC |9 358086 | |
| 650 | 0 | |a Tratados internacionales |9 256056 | |
| 650 | 7 | |a PROTOCOLOS |2 CL-VaPUC |9 386841 | |
| 650 | 0 | |a Acuerdos internacionales |9 337381 | |
| 651 | 7 | |a CHILE |2 CL-VaPUC |9 396841 | |
| 583 | |a last modification |c 20140410 10:10:37 |k Rodrigo Vera | ||
| 999 | |c 264206 |d 264204 | ||
| 952 | |0 0 |1 0 |4 0 |6 348_022000000000000_CON_1990 |7 0 |8 F |9 294158 |a BIBDER |b BIBDER |d 2019-11-19 |h t.94 |i 1911945 |o 348.022 CON 1990 |p 1911945 |r 2023-01-25 |w 2019-11-19 |y BK_F |k DER | ||
| 952 | |0 0 |1 0 |4 0 |6 348_022000000000000_CON_1990 |7 0 |8 X |9 294160 |a BIBHIS |b BIBHIS |d 2019-11-19 |h t.94 |i 2129116 |o 348.022 CON 1990 |p 2129116 |r 2024-01-30 |w 2019-11-19 |y BK_X |k HIS | ||